| 000 | 01171nam a22003497a 4500 | ||
|---|---|---|---|
| 003 | CHAP | ||
| 005 | 20220329134756.0 | ||
| 008 | 971013s1955 mx a r 00010 spa d | ||
| 010 | _a25716 | ||
| 011 | _a26688 | ||
| 035 | _a30789 | ||
| 040 | _cCHAP | ||
| 090 | _aFolleto 8742 | ||
| 100 | 0 | 0 |
_aBuller, Roderic E. _916037 |
| 245 | 1 | 0 |
_aAdaptación de zacates y leguminosas para forrajes, conservación y mejoramiento del suelo en México _c/por Roderic E. Buller |
| 260 |
_aMéxico, D. F. : _bOficina de Estudios Especiales, _c1955 |
||
| 300 |
_a75 p. : _bilus. |
||
| 490 |
_aFolleto técnico _v; 18 |
||
| 590 |
_aBATCH-UPD _b10 _c20130110 _lUCH01 _h0330 |
||
| 590 |
_aBATCH-UPD _b10 _c20130110 _lUCH01 _h1944 |
||
| 590 |
_aBATCH-UPD _b10 _c20130410 _lUCH01 _h0004 |
||
| 590 |
_aBATCH-UPD _b10 _c20130914 _lUCH01 _h1424 |
||
| 590 |
_aCONVERSION _b10 _c20130109 _lUCH01 _h1315 |
||
| 650 | 1 | 4 |
_aLeguminosas. _965807 |
| 650 | 1 | 4 |
_aPastos forrajeros. _986094 |
| 700 | 0 |
_aPitner, John B. _988589 |
|
| 700 | 0 |
_aPorras, M., Héctor. _990958 |
|
| 830 | 0 |
_aFolleto técnico _v; 18 _942067 |
|
| 901 | _aBK | ||
| 942 | _cLIBRO | ||
| 949 |
_aFolleto 8742 _bBC _cBPA _d-71267 _eBPA _i30789 _si |
||
| 999 |
_c25716 _d25716 |
||